Απο τον Σολωμό ως τον Μυριβήλη : λογοτεχνικά μελετήματα
Αποθηκεύτηκε σε:
| Κύριος συγγραφέας: | |
|---|---|
| Μορφή: | Βιβλίο |
| Γλώσσα: | Greek |
| Δημοσίευση: |
Αθήνα :
Βιβλιοπωλείο της Εστίας,
1969.
|
| Θέματα: | |
| Ετικέτες: |
Προσθήκη ετικέτας
Δεν υπάρχουν, Καταχωρήστε ετικέτα πρώτοι!
|
MARC
| LEADER | 00000cam a2200000 i 4500 | ||
|---|---|---|---|
| 001 | 1/49684 | ||
| 008 | 980723s1969 gr | ||| |||| ||gre|| | ||
| 035 | |l 10043675 | ||
| 040 | |a GR-MyUA |b gre |e AACR2 | ||
| 041 | 0 | |a gre | |
| 082 | 0 | |a 889.092 | |
| 100 | 1 | |a Καραντώνης, Ανδρέας, |d 1910-1982. | |
| 245 | 1 | 0 | |a Απο τον Σολωμό ως τον Μυριβήλη : |b λογοτεχνικά μελετήματα / |c Αντρέα Καραντώνη. |
| 260 | |a Αθήνα : |b Βιβλιοπωλείο της Εστίας, |c 1969. | ||
| 300 | |a 334 σ. ; |c 22 εκ. | ||
| 650 | 0 | 0 | |a Greek literature |x History and criticism. |
| 650 | 0 | 0 | |a Litterateurs |z Greece |x History and criticism. |
| 852 | |a INST |b SAMOS |e 19980723 |h 889.092 ΚΑΡ |p 005300010997 |q 005300010997 |t BK |y 0 | ||
| 901 | |a BIBL-1998-2 | ||
| 909 | |a Σ |b 051291 | ||
| 922 | |a 3ΕΛΗ |b 199709 |c ΔΩΡ |d ΠΑΡΙΑΝΟΣ | ||